|
|
|
|
| LEADER |
00000nam0a2200000 4500 |
| 001 |
164120 |
| 005 |
20231031161108.0 |
| 010 |
|
|
|a 5701200558
|
| 020 |
|
|
|a RU
|b 90-66841
|
| 035 |
|
|
|a (RuTPU)RU\TPU\book\178067
|
| 090 |
|
|
|a 164120
|
| 100 |
|
|
|a 20090901d1990 m y0rusy5003 ca
|
| 101 |
0 |
|
|a rus
|
| 102 |
|
|
|a RU
|
| 105 |
|
|
|a c z 000gy
|
| 200 |
1 |
|
|a Отзвуки праздников
|e Из книг 1969-1973 гг. : [стихи]
|f В. Д. Алейников
|g авт. предисл. А. Величанский
|
| 210 |
|
|
|a Москва
|c Об-ние "Всесоюз. молодеж. кн. центр"
|d 1990
|
| 215 |
|
|
|a 370,[3] с.
|c портр.
|d 22 см
|
| 333 |
|
|
|a Исключено из фонда НТБ ТПУ
|
| 675 |
|
|
|a Р2
|z rus
|
| 700 |
|
1 |
|a Алейников
|b В. Д.
|g Владимир Дмитриевич
|4 070
|
| 702 |
|
1 |
|a Величанский
|b А.
|4 080
|
| 801 |
|
0 |
|a RU
|b RuMRKP
|c 19950417
|g psbo
|
| 801 |
|
1 |
|a RU
|b 63413507
|c 20090901
|
| 801 |
|
2 |
|a RU
|b 63413507
|c 20230213
|g RCR
|
| 942 |
|
|
|c BK
|